[Event "Padova Province-chT 58th"]
[Site "Padova"]
[Date "1998.01.11"]
[Round "3"]
[White "Molena, Paolo"]
[Black "Marcuzzo, Giorgio"]
[Result "0-1"]
[WhiteElo "1507"]
[BlackElo "1531"]
[PlyCount "56"]
[EventDate "1998.01.10"]
[EventType "swiss"]
[EventRounds "6"]
[EventCountry "ITA"]
[SourceTitle "EXT 2022"]
[Source "ChessBase"]
[SourceDate "2021.10.06"]
[SourceVersion "1"]
[SourceVersionDate "2021.10.06"]
[SourceQuality "1"]

1. b4 e5 2. Bb2 Bxb4 3. e4 Nc6 4. Bc4 Nf6 5. Nf3 d6 6. 0-0 Nxe4 7. Re1 Nf6 8. c3 Ba5 9. Bxf7+ Kxf7 10. Qb3+ d5 11. Qa4 Re8 12. Ng5+ Kg8 13. Qh4 Bf5 14. Na3 Ne4 15. Rxe4 Bxe4 16. Qh5 Bg6 17. Qg4 Bb6 18. h4 Qf6 19. d4 exd4 20. c4 dxc4 21. Nxc4 Qf5 22. Qd1 d3 23. Nxb6 axb6 24. Qb3+ Kh8 25. Qc3 Qe5 26. Qd2 Qe2 27. Qc3 Re7 28. Nf7+ Rxf7 0-1